| 000 | 00957nam a22001937a 4500 | ||
|---|---|---|---|
| 005 | 20260307104402.0 | ||
| 008 | 260307b |||||||| |||| 00| 0 eng d | ||
| 020 |
_a9780199241620 _qhbk |
||
| 041 | _aeng | ||
| 082 |
_a327.05 _bSIP |
||
| 100 | _asipri | ||
| 245 |
_aSIPRI Yearbook 2000: Armaments, Disarmament, and International Security (SIPRI Yearbook Series) _c/Stockholm International Peace Research Institute |
||
| 260 |
_bOUP Oxford _c2000. |
||
| 300 |
_a800p,; _c20 cm. |
||
| 504 | _aBib and Ref | ||
| 520 | _aThe 31st edition of the Yearbook analyses developments in 1999 in: Security and conflicts; Military spending and armaments; Non-proliferation, arms control and disarmament, with extensive annexes on arms control and disarmament agreements, a chronology of security- and arms control-related events, and a comprehensive glossary of terms and membership of international organizations. | ||
| 650 | _apolitical science | ||
| 942 | _cREF | ||
| 999 |
_c617129 _d617129 |
||